[Event "XVII Orsha-2019 Open"]
[Site "Orsha"]
[Date "2019.01.22"]
[Round "7"]
[White "Zabotin, Alexander"]
[Black "Zarubitski, Viachaslau"]
[Result "1/2-1/2"]
[WhiteElo "2484"]
[BlackElo "2415"]
[Annotator "TA"]
[PlyCount "63"]
[EventDate "2019.01.18"]
[EventType "swiss"]
[EventCountry "BLR"]
[SourceTitle "playchess.com"]
[Source "ChessBase"]
[SourceQuality "1"]

{[%evp 18,63,19,14,14,15,45,42,31,24,25,37,37,36,19,22,31,25,17,18,30,0,0,0,0,-15,0,0,-5,-10,-7,-7,0,-7,0,0,0,0,-10,-10,-8,-20,0,0,0,0,0,0]} 1. d4 Nf6 2. Nf3 b6 3. c4 e6 4. a3 Bb7 5. Nc3 g6 6. Qc2 d5 {E12: Queen's Indian: Unusual White 4th moves, 4 a3, 4 Nc3 Bb7 5 a3 and 4 Nc3 Bb7} 7. cxd5 (7. Bg5 Bg7 8. e3 O-O 9. Be2 dxc4 10. Bxc4 Nbd7 11. Rd1 a6 12. d5 e5 13. O-O h6 14. Bh4 {1-0 (41) Dreev,A (2649)-Iturrizaga Bonelli,E (2636) chess.com INT 2018}) 7... exd5 8. Bg5 Bg7 9. e3 O-O 10. Be2 {LiveBook: 3 Games} Nbd7 11. Ne5 $146 ({Predecessor:} 11. O-O Qe7 12. Rfd1 a6 13. b4 c6 14. Rab1 {0-1 (39) Maduekwe,C (2185)-Eggleston,D (2307) London 2010}) 11... h6 12. Bh4 {[%cal Bg5h4,Bh4g3,Bg3e5][%mdl 32]} c5 13. O-O cxd4 14. exd4 g5 15. Bg3 Ne4 16. Nc6 Bxc6 17. Nxe4 dxe4 18. Qxc6 Nf6 $1 19. Be5 Rc8 {The position is equal.} 20. Qa4 Qe7 21. Qb3 Nd7 22. Bg4 Rce8 23. Bg3 Bxd4 24. Qa4 Nf6 25. Qxd4 Rd8 26. Qb4 Qxb4 27. axb4 {[#] Strongly threatening Bd1.} Nxg4 28. Rxa7 Rd2 29. Rb7 f5 {aiming for ...f4.} 30. h3 f4 31. Bxf4 Rxf4 32. hxg4 {Precision: White = 69%, Black = 81%.} 1/2-1/2

[Event "XVII Orsha-2019 Open"]
[Site "Orsha"]
[Date "2019.01.22"]
[Round "7"]
[White "Lazavik, Denis"]
[Black "Kuleshov, Konstantin"]
[Result "1-0"]
[WhiteElo "2296"]
[BlackElo "2098"]
[Annotator "NA"]
[PlyCount "157"]
[EventDate "2019.01.18"]
[EventType "swiss"]
[EventCountry "BLR"]
[SourceTitle "playchess.com"]
[Source "ChessBase"]
[SourceQuality "1"]
[TimeControl "5400+30"]

1. d4 {[%emt 0:00:00]} f5 {[%emt 0:00:00]} 2. Nf3 {[%emt 0:00:00]} Nf6 {[%emt 0:00:00]} 3. g3 {[%emt 0:00:31]} g6 {[%emt 0:00:00]} 4. Bg2 {[%emt 0:00:26]} Bg7 {[%emt 0:00:00]} 5. O-O {[%emt 0:00:13]} O-O {[%emt 0:00:01]} 6. b3 {[%emt 0:00:28]} d6 {[%emt 0:00:17]} 7. Bb2 {[%emt 0:00:26]} c6 {[%emt 0:01:00]} 8. c4 {[%emt 0:01:48]} Qc7 {[%emt 0:03:47]} 9. Nbd2 {[%emt 0:01:49]} Re8 {[%emt 0:01:12]} 10. Qc2 {[%emt 0:10:47] A87: Dutch Defence: Leningrad System: 5 Nf3} (10. Re1 e5 11. dxe5 dxe5 12. e4 fxe4 13. Nxe4 Nxe4 14. Rxe4 Na6 15. Qe2 Bf5 16. Re3 e4 17. Nh4 Nc5 18. Bxg7 Qxg7 {½-½ (71) Bekker Jensen,S (2482)-Beukema,S (2396) Batumi 2018}) 10... e5 {[%emt 0:00:43]} 11. dxe5 {[%emt 0:00:39] LiveBook: 6 Games} (11. e4 $11) 11... dxe5 {[%emt 0:00:05]} 12. e4 {[%emt 0:00:41]} c5 {[%emt 0:10:27]} 13. Ne1 $146 {[%emt 0:26:21]} ({Predecessor:} 13. Rae1 Nc6 14. a3 a5 15. Qb1 Bd7 16. Bc3 Nd4 {½-½ (24) Wenninger,P (2330)-Meulner,F (2066) Willingen 2017}) 13... Nc6 {[%emt 0:02:38]} 14. Nd3 {[%emt 0:03:24]} Nd4 {[%emt 0:00:47]} 15. Bxd4 {[%emt 0:00:11]} exd4 {[%emt 0:00:09]} 16. Rfe1 {[%emt 0:02:56]} a5 {[%emt 0:04:33]} 17. e5 {[%emt 0:01:40]} Ng4 {[%emt 0:00:18]} 18. h3 {[%emt 0:00:27]} Nh6 {[%emt 0:02:01]} 19. f4 {[%emt 0:00:53]} Nf7 {[%emt 0:01:21]} 20. a4 {[%emt 0:01:43]} Be6 {[%emt 0:02:57]} 21. Bd5 {[%emt 0:00:29]} Rad8 {[%emt 0:00:11]} 22. Bxe6 {[%emt 0:00:10]} Rxe6 {[%emt 0:00:04]} 23. Nf3 {[%emt 0:00:12]} Bf8 {[%emt 0:01:48]} 24. Qg2 {[%emt 0:03:28]} Be7 {[%emt 0:02:56]} 25. g4 {[%emt 0:04:59]} Nh6 {[%emt 0:00:15]} 26. Kf2 {[%emt 0:00:49]} Rf8 {[%emt 0:03:21]} 27. Ke2 {[%emt 0:02:19]} Rb6 {[%emt 0:00:30]} 28. Rab1 {[%emt 0:00:41]} Qd7 {[%emt 0:00:18]} 29. Rg1 {[%emt 0:01:02]} Kf7 {[%emt 0:01:34]} 30. Kd2 {[%emt 0:04:07]} Ke8 {[%emt 0:00:55]} 31. Kc2 {[%emt 0:00:25]} Rc6 {[%emt 0:03:31]} 32. Rbe1 {[%emt 0:03:24]} Kd8 {[%emt 0:04:49]} 33. Ng5 {[%emt 0:07:27]} Bxg5 {[%emt 0:07:07]} 34. fxg5 {[%emt 0:00:09]} Ng8 {[%emt 0:00:05]} 35. e6 $1 {[%emt 0:01:13]} Qc7 {[%emt 0:00:49]} 36. Rgf1 {[%emt 0:04:56]} Ne7 {[%emt 0:01:19]} 37. Qf2 {[%emt 0:01:13]} Kc8 {[%emt 0:00:49]} 38. Qh4 {[%emt 0:00:44]} Rh8 {[%emt 0:01:10]} 39. Qh6 {[%emt 0:00:47]} Rd6 {[%emt 0:04:13]} 40. Qg7 {[%emt 0:02:48]} Rdd8 {[%emt 0:00:19]} 41. Qe5 {[%emt 0:01:09]} b6 {[%emt 0:01:34]} 42. gxf5 {[%emt 0:03:09]} Nxf5 {[%emt 0:02:22]} 43. Rxf5 {[%emt 0:00:12]} gxf5 {[%emt 0:00:06]} 44. e7 {[%emt 0:00:52]} Rde8 {[%emt 0:00:42]} 45. Qxf5+ {[%emt 0:00:17]} Kb7 {[%emt 0:00:54]} 46. Qf6 $2 {[%emt 0:03:37]} (46. Re5 $18) 46... Qh2+ {[%emt 0:03:10]} 47. Kb1 {[%emt 0:04:33]} Qd2 {[%emt 0:01:13]} 48. Qf3+ {[%emt 0:00:35]} Ka7 {[%emt 0:00:25]} 49. Re2 {[%emt 0:01:15]} Qxg5 {[%emt 0:00:27]} 50. Ne5 {[%emt 0:00:33]} Rhg8 {[%emt 0:01:52]} 51. Ka2 {[%emt 0:01:30]} Ka6 {[%emt 0:02:46]} 52. Nf7 {[%emt 0:00:55]} Qg3 {[%emt 0:01:52]} 53. Qc6 {[%emt 0:00:29]} Qd3 {[%emt 0:01:57]} 54. Qb5+ {[%emt 0:00:07]} Ka7 {[%emt 0:00:15]} 55. Qd7+ {[%emt 0:00:04]} Ka6 {[%emt 0:00:09]} 56. Qb5+ {[%emt 0:00:54]} Ka7 {[%emt 0:00:06]} 57. Qd7+ {[%emt 0:00:04]} Ka6 {[%emt 0:00:05]} 58. Rb2 $11 {[%emt 0:01:25]} Qe3 {[%emt 0:02:48]} 59. Nd8 {[%emt 0:00:22]} Qe4 {[%emt 0:04:48]} 60. Qc8+ {[%emt 0:00:05]} Ka7 {[%emt 0:00:04]} 61. Nc6+ {[%emt 0:00:05]} Qxc6 {[%emt 0:00:04]} 62. Qxc6 {[%emt 0:00:04]} Rxe7 {[%emt 0:00:06]} 63. Rf2 {[%emt 0:00:29]} Rd8 {[%emt 0:00:28]} 64. Rf6 {[%emt 0:00:14]} Rb7 {[%emt 0:00:10]} 65. Rd6 {[%emt 0:00:04]} Rxd6 {[%emt 0:00:07]} 66. Qxd6 {[%emt 0:00:04]} Rg7 {[%emt 0:00:40]} 67. h4 {[%emt 0:00:09]} Kb7 {[%emt 0:00:27]} 68. h5 {[%emt 0:00:24]} Rc7 {[%emt 0:00:07]} 69. h6 {[%emt 0:00:06]} Rc8 {[%emt 0:00:19]} 70. Kb2 {[%emt 0:00:24]} Rc7 {[%emt 0:01:16]} 71. Kc2 {[%emt 0:00:09]} Rc8 {[%emt 0:00:05]} 72. Kd3 {[%emt 0:00:09]} Rc7 {[%emt 0:00:04]} 73. Ke4 {[%emt 0:00:21]} Rc8 {[%emt 0:00:06]} 74. Kf5 {[%emt 0:00:20]} Rc7 {[%emt 0:00:07]} 75. Qd5+ {[%emt 0:00:09]} Ka7 {[%emt 0:00:32]} 76. Ke6 {[%emt 0:00:15]} Rb7 {[%emt 0:00:26]} 77. Kd6 {[%emt 0:00:10]} Kb8 {[%emt 0:00:17]} 78. Kc6 {[%emt 0:00:41]} Ka7 {[%emt 0:00:05]} 79. Qg8 {[%emt 0:00:14]} 1-0

[Event "XVII Orsha-2019 Open"]
[Site "Orsha"]
[Date "2019.01.22"]
[Round "7"]
[White "Siniauski, Artsiom"]
[Black "Tihonov, Jurij"]
[Result "0-1"]
[WhiteElo "2182"]
[BlackElo "2399"]
[Annotator "NA"]
[PlyCount "109"]
[EventDate "2019.01.18"]
[EventType "swiss"]
[EventCountry "BLR"]
[SourceTitle "playchess.com"]
[Source "ChessBase"]
[SourceQuality "1"]
[TimeControl "5400+30"]

1. e4 {[%emt 0:00:00]} c5 {[%emt 0:00:00]} 2. Nf3 {[%emt 0:00:00]} d6 {[%emt 0:00:00]} 3. Bb5+ {[%emt 0:00:03]} Bd7 {[%emt 0:01:26]} 4. Bxd7+ {[%emt 0:00:11]} Nxd7 {[%emt 0:00:56]} 5. O-O {[%emt 0:00:35]} Ngf6 {[%emt 0:00:04] LiveBook: 1239 Games} 6. Qe2 {[%emt 0:00:39]} e6 {[%emt 0:00:11]} 7. b3 {[%emt 0:00:39]} g6 {[%emt 0:00:19] B50: Sicilian: 2...d6, Miscellaneous} 8. Bb2 {[%emt 0:00:22]} Bg7 {[%emt 0:00:07]} 9. c4 {[%emt 0:00:39]} O-O {[%emt 0:00:51]} 10. Rd1 $146 {[%emt 0:01:19]} ({Predecessor:} 10. d4 cxd4 11. Nxd4 a6 12. Nc3 Re8 13. Rad1 Qb6 14. Ba1 Rad8 15. Nf3 Nc5 16. Rfe1 h6 17. g3 Qc7 18. Bb2 Qb6 19. Ba1 Qc7 20. Bb2 Qb6 {½-½ (20) Anand,V (2779)-Grischuk,A (2737) Doha 2016}) 10... d5 {[%emt 0:24:19]} 11. e5 {[%emt 0:12:50]} Ne8 {[%emt 0:10:54]} (11... Nh5 $11 {keeps the balance.}) 12. cxd5 {[%emt 0:04:50]} ({White should play} 12. d4 $16) 12... exd5 {[%emt 0:00:13]} 13. d4 {[%emt 0:00:10]} Nc7 {[%emt 0:06:56]} 14. dxc5 {[%emt 0:01:15]} Re8 {[%emt 0:11:23]} 15. b4 {[%emt 0:17:11]} g5 {[%emt 0:03:58]} 16. h3 {[%emt 0:05:29]} f5 {[%emt 0:02:42]} 17. Nc3 {[%emt 0:21:15]} g4 {[%emt 0:11:15]} 18. Nxd5 {[%emt 0:00:55]} gxf3 {[%emt 0:00:09]} 19. Qc4 {[%emt 0:00:08]} Ne6 {[%emt 0:16:24] [#]} 20. Nf4 $2 {[%emt 0:01:42]} (20. Nf6+ $1 $18 {[%mdl 512]} Bxf6 (20... Nxf6 21. Rxd8) 21. exf6) 20... Qg5 {[%emt 0:00:13]} 21. g3 {[%emt 0:01:06]} Ndf8 {[%emt 0:00:05]} 22. Rd6 {[%emt 0:00:15]} Qe7 {[%emt 0:01:10]} 23. Nd5 {[%emt 0:04:29]} Qf7 {[%emt 0:00:19]} 24. Nf6+ {[%emt 0:01:38]} Bxf6 {[%emt 0:00:24]} 25. exf6 {[%emt 0:00:06]} Ng5 {[%emt 0:02:03]} 26. Qh4 {[%emt 0:03:11]} Ne4 {[%emt 0:00:46]} 27. Rd3 {[%emt 0:00:06]} Ng6 {[%emt 0:00:45]} 28. Qh6 $17 {[%emt 0:01:30]} f4 {[%emt 0:04:17]} 29. Rad1 {[%emt 0:01:57]} Nxf6 {[%emt 0:01:25]} 30. Rxf3 {[%emt 0:10:20]} Rad8 {[%emt 0:00:27]} 31. Rf1 {[%emt 0:01:02]} Rd5 {[%emt 0:00:30]} 32. Bxf6 {[%emt 0:02:31]} Qxf6 {[%emt 0:00:05]} 33. Rxf4 {[%emt 0:00:18]} Qg7 {[%emt 0:00:27]} 34. Qxg7+ {[%emt 0:00:14]} Kxg7 {[%emt 0:00:05]} 35. Rc4 {[%emt 0:00:22]} Re2 {[%emt 0:00:46]} 36. a4 {[%emt 0:00:14]} Ne5 {[%emt 0:00:31]} 37. Rc3 {[%emt 0:01:21]} Rd3 {[%emt 0:01:17]} 38. Rxd3 {[%emt 0:02:15]} Nxd3 {[%emt 0:00:02]} 39. Rd1 {[%emt 0:01:25]} Re1+ {[%emt 0:00:51]} 40. Rxe1 {[%emt 0:00:04]} Nxe1 {[%emt 0:00:04]} 41. b5 {[%emt 0:00:15]} Kf6 {[%emt 0:01:13]} 42. a5 {[%emt 0:01:54]} Nf3+ {[%emt 0:00:28]} 43. Kg2 {[%emt 0:00:13]} Ne5 {[%emt 0:00:20]} 44. c6 {[%emt 0:02:36]} bxc6 {[%emt 0:00:19]} 45. b6 {[%emt 0:00:03]} a6 {[%emt 0:00:23]} 46. f4 {[%emt 0:00:04]} Nd7 {[%emt 0:00:15]} 47. Kf3 {[%emt 0:00:14]} Nc5 {[%emt 0:00:35]} 48. g4 {[%emt 0:03:11]} Nb7 {[%emt 0:00:13]} 49. Ke4 {[%emt 0:00:04]} Nxa5 {[%emt 0:00:26]} 50. g5+ {[%emt 0:00:05]} Kf7 {[%emt 0:01:32]} 51. h4 {[%emt 0:01:41]} Nc4 {[%emt 0:00:24]} 52. h5 {[%emt 0:00:20]} Nxb6 {[%emt 0:00:06]} 53. f5 {[%emt 0:00:04]} Nd7 {[%emt 0:00:23]} 54. h6 {[%emt 0:00:29]} a5 {[%emt 0:00:15]} 55. Kd4 0-1

[Event "XVII Orsha-2019 Open"]
[Site "Orsha"]
[Date "2019.01.22"]
[Round "7"]
[White "Vashchilov, Sergey"]
[Black "Krylov, Ivan"]
[Result "0-1"]
[WhiteElo "2134"]
[BlackElo "2441"]
[Annotator "ChessBase"]
[PlyCount "82"]
[EventDate "2019.01.18"]
[EventType "swiss"]
[EventCountry "BLR"]
[SourceTitle "playchess.com"]
[Source "ChessBase"]
[SourceQuality "1"]
[TimeControl "5400+30"]

1. e4 {[%emt 0:06:15]} c6 {[%emt 0:00:20]} 2. d4 {[%emt 0:01:04]} g6 {[%emt 0:00:09]} 3. Nf3 {[%emt 0:02:43]} d5 {[%emt 0:00:41]} 4. Nc3 {[%emt 0:03:57]} Bg7 {[%emt 0:00:48]} 5. e5 {[%emt 0:01:40]} Bg4 {[%emt 0:00:14]} 6. h3 {[%emt 0:04:45]} Bxf3 {[%emt 0:00:09]} 7. Qxf3 {[%emt 0:00:28]} e6 {[%emt 0:01:43]} 8. Be3 {[%emt 0:07:14]} Nd7 {[%emt 0:02:43]} 9. O-O-O {[%emt 0:02:29]} Ne7 {[%emt 0:01:52]} 10. g4 {[%emt 0:00:22]} b5 {[%emt 0:02:32]} 11. Kb1 {[%emt 0:05:58]} b4 {[%emt 0:05:07]} 12. Na4 {[%emt 0:00:39]} Qa5 {[%emt 0:00:55]} 13. b3 {[%emt 0:01:04]} c5 {[%emt 0:05:50]} 14. dxc5 {[%emt 0:00:46]} Bxe5 {[%emt 0:04:35]} 15. Qe2 {[%emt 0:03:50]} Rc8 {[%emt 0:09:43]} 16. f4 {[%emt 0:05:55]} Bg7 {[%emt 0:02:38]} 17. Bg2 {[%emt 0:00:30]} O-O {[%emt 0:03:09]} 18. Rhf1 {[%emt 0:04:54]} Nxc5 {[%emt 0:07:46]} 19. Nxc5 {[%emt 0:05:21]} Rxc5 {[%emt 0:03:02]} 20. Bxc5 {[%emt 0:00:06]} Qxc5 {[%emt 0:00:06]} 21. Rd3 {[%emt 0:04:05]} Rc8 {[%emt 0:00:32]} 22. f5 {[%emt 0:03:10]} exf5 {[%emt 0:01:13]} 23. gxf5 {[%emt 0:00:18]} Nxf5 {[%emt 0:01:47]} 24. Rxf5 {[%emt 0:00:21]} gxf5 {[%emt 0:00:13]} 25. Bxd5 {[%emt 0:00:31]} Qg1+ {[%emt 0:02:38]} 26. Rd1 {[%emt 0:00:46]} Qg5 {[%emt 0:01:50]} 27. Qa6 {[%emt 0:03:22]} Rf8 {[%emt 0:05:40]} 28. a3 {[%emt 0:07:01]} Qe3 {[%emt 0:11:37]} 29. axb4 {[%emt 0:02:10]} Qc3 {[%emt 0:00:07]} 30. Qa3 {[%emt 0:00:30]} Rc8 {[%emt 0:01:44]} 31. Qa2 {[%emt 0:02:29]} f4 {[%emt 0:00:33]} 32. Rf1 {[%emt 0:04:49]} Re8 {[%emt 0:02:02]} 33. Qa3 {[%emt 0:01:47]} h6 {[%emt 0:02:21]} 34. b5 {[%emt 0:04:45]} Re2 {[%emt 0:00:31]} 35. Rc1 {[%emt 0:00:38]} Bd4 {[%emt 0:00:31]} 36. Bc4 Rd2 {[%emt 0:00:32]} 37. Bd3 {[%emt 0:03:06]} f3 {[%emt 0:00:39]} 38. Re1 {[%emt 0:00:42]} Kg7 {[%emt 0:00:35]} 39. Rc1 {[%emt 0:01:23]} Rxd3 {[%emt 0:02:23]} 40. cxd3 {[%emt 0:00:23]} Qxd3+ {[%emt 0:00:06]} 41. Ka2 {[%emt 0:00:47]} Qe2+ {[%emt 0:00:48]} 0-1

[Event "XVII Orsha-2019 Open"]
[Site "Orsha"]
[Date "2019.01.22"]
[Round "7"]
[White "Silich, Yahor"]
[Black "Mihajlovskij, Sergei"]
[Result "1/2-1/2"]
[WhiteElo "2116"]
[BlackElo "2406"]
[Annotator "ChessBase"]
[PlyCount "135"]
[EventDate "2019.01.18"]
[EventType "swiss"]
[EventCountry "BLR"]
[SourceTitle "playchess.com"]
[Source "ChessBase"]
[SourceQuality "1"]
[TimeControl "5400+30"]

1. e4 {[%emt 0:00:00]} g6 {[%emt 0:00:34]} 2. d4 {[%emt 0:00:06]} Bg7 {[%emt 0:00:06]} 3. Nf3 {[%emt 0:00:31]} d6 {[%emt 0:00:05]} 4. Nc3 {[%emt 0:00:57]} a6 {[%emt 0:01:46]} 5. Be3 {[%emt 0:03:02]} b5 {[%emt 0:03:12]} 6. a4 {[%emt 0:02:09]} b4 {[%emt 0:00:54]} 7. Nb1 {[%emt 0:00:51]} Nf6 {[%emt 0:02:21]} 8. Bd3 {[%emt 0:02:05]} Nbd7 {[%emt 0:11:21]} 9. O-O {[%emt 0:04:37]} O-O {[%emt 0:30:02]} 10. c3 {[%emt 0:04:25]} bxc3 {[%emt 0:02:12]} 11. bxc3 {[%emt 0:00:34]} c5 {[%emt 0:00:55]} 12. Nbd2 {[%emt 0:03:58]} Qc7 {[%emt 0:03:02]} 13. h3 {[%emt 0:02:51]} Bb7 {[%emt 0:05:29]} 14. Qe2 {[%emt 0:02:06]} e6 {[%emt 0:00:58]} 15. Rab1 {[%emt 0:02:06]} Bc6 {[%emt 0:00:43]} 16. Bf4 {[%emt 0:20:25]} Bxa4 {[%emt 0:09:22]} 17. Bxa6 {[%emt 0:09:17]} Bc6 {[%emt 0:01:35]} 18. Bb5 {[%emt 0:05:30]} Rfc8 {[%emt 0:06:23]} 19. Rfe1 {[%emt 0:05:26]} Bxb5 {[%emt 0:05:47]} 20. Qxb5 {[%emt 0:05:34]} Rcb8 {[%emt 0:00:17]} 21. Qd3 {[%emt 0:01:11]} Rxb1 {[%emt 0:01:14]} 22. Rxb1 {[%emt 0:00:27]} Qc6 {[%emt 0:01:42]} 23. Qb5 {[%emt 0:01:52]} Qxb5 {[%emt 0:00:49]} 24. Rxb5 {[%emt 0:00:01]} cxd4 {[%emt 0:06:04]} 25. cxd4 {[%emt 0:00:52]} Bf8 {[%emt 0:01:23]} 26. Kf1 {[%emt 0:02:23]} h6 {[%emt 0:00:36]} 27. Ke2 {[%emt 0:01:19]} g5 {[%emt 0:00:51]} 28. Be3 {[%emt 0:01:00]} Kg7 {[%emt 0:00:55]} 29. Rb7 {[%emt 0:01:03]} Nb8 {[%emt 0:01:04]} 30. Rb6 {[%emt 0:11:09]} Na6 {[%emt 0:01:13]} 31. Rb7 {[%emt 0:02:58]} Rb8 {[%emt 0:00:48]} 32. Rxb8 {[%emt 0:00:42]} Nxb8 {[%emt 0:00:02]} 33. Ne1 {[%emt 0:02:08]} d5 {[%emt 0:00:15]} 34. e5 {[%emt 0:01:22]} Nfd7 {[%emt 0:00:17]} 35. Nd3 {[%emt 0:00:19]} Nc6 {[%emt 0:00:06]} 36. f4 {[%emt 0:00:09]} gxf4 {[%emt 0:01:37]} 37. Nxf4 {[%emt 0:00:02]} Be7 {[%emt 0:01:09]} 38. Nf3 {[%emt 0:00:50]} Bd8 {[%emt 0:00:25]} 39. g4 {[%emt 0:01:01]} Nf8 {[%emt 0:00:33]} 40. h4 {[%emt 0:01:12]} Ng6 {[%emt 0:00:24]} 41. Nh5+ {[%emt 0:01:21]} Kh7 {[%emt 0:00:06]} 42. Bf2 {[%emt 0:00:36]} Nb8 {[%emt 0:00:58]} 43. g5 {[%emt 0:00:28]} hxg5 {[%emt 0:00:20]} 44. Nxg5+ {[%emt 0:00:23]} Bxg5 {[%emt 0:00:33]} 45. hxg5 {[%emt 0:00:00]} Ne7 {[%emt 0:00:20]} 46. Nf4 {[%emt 0:00:40]} Nbc6 {[%emt 0:00:09]} 47. Kd3 {[%emt 0:00:29]} Kg7 {[%emt 0:00:15]} 48. Bg1 {[%emt 0:00:33]} Ng6 {[%emt 0:00:21]} 49. Nh5+ {[%emt 0:00:19]} Kf8 {[%emt 0:00:44]} 50. Be3 {[%emt 0:00:39]} Nh4 {[%emt 0:00:11]} 51. Nf4 {[%emt 0:00:27]} Kg7 {[%emt 0:00:06]} 52. Bf2 {[%emt 0:00:22]} Nf3 {[%emt 0:00:30]} 53. g6 {[%emt 0:00:46]} Nfxe5+ {[%emt 0:01:13]} 54. dxe5 {[%emt 0:00:30]} Nxe5+ {[%emt 0:00:11]} 55. Ke2 {[%emt 0:00:53]} Nxg6 {[%emt 0:00:06]} 56. Bd4+ {[%emt 0:00:27]} Kh6 {[%emt 0:00:22]} 57. Nxg6 {[%emt 0:00:29]} Kxg6 {[%emt 0:01:01]} 58. Kf3 {[%emt 0:00:23]} Kf5 {[%emt 0:00:02]} 59. Bb2 {[%emt 0:00:41]} e5 {[%emt 0:00:04]} 60. Ke3 {[%emt 0:00:12]} d4+ {[%emt 0:00:40]} 61. Kd3 {[%emt 0:00:05]} Ke6 {[%emt 0:00:11]} 62. Ke4 {[%emt 0:01:01]} f5+ {[%emt 0:00:05]} 63. Kf3 {[%emt 0:00:01]} Kd5 {[%emt 0:00:08]} 64. Ba3 {[%emt 0:00:59]} Kc4 {[%emt 0:00:29]} 65. Bd6 {[%emt 0:00:21]} Kd5 {[%emt 0:02:52]} 66. Bc7 {[%emt 0:00:40]} f4 {[%emt 0:00:05]} 67. Ba5 {[%emt 0:00:42]} d3 {[%emt 0:00:33]} 68. Bc3 {[%emt 0:00:11]} 1/2-1/2

[Event "XVII Orsha-2019 Open"]
[Site "Orsha"]
[Date "2019.01.22"]
[Round "7"]
[White "Navumenka, Mikhei"]
[Black "Grishchenko, Sergey"]
[Result "0-1"]
[WhiteElo "2104"]
[BlackElo "2409"]
[Annotator "ChessBase"]
[PlyCount "72"]
[EventDate "2019.01.18"]
[EventType "swiss"]
[EventCountry "BLR"]
[SourceTitle "playchess.com"]
[Source "ChessBase"]
[SourceQuality "1"]
[TimeControl "5400+30"]

1. Nf3 {[%emt 0:00:00]} d5 {[%emt 0:01:11]} 2. g3 {[%emt 0:00:00]} Nc6 {[%emt 0:00:18]} 3. d4 {[%emt 0:03:41]} Bg4 {[%emt 0:09:04]} 4. Bg2 {[%emt 0:00:26]} Qd7 {[%emt 0:00:11]} 5. h3 {[%emt 0:07:22]} Bf5 {[%emt 0:17:22]} 6. c3 {[%emt 0:05:27]} f6 {[%emt 0:05:01]} 7. Nbd2 {[%emt 0:02:42]} e5 {[%emt 0:04:31]} 8. dxe5 {[%emt 0:01:02]} fxe5 {[%emt 0:01:02]} 9. Nh4 {[%emt 0:03:41]} Be6 {[%emt 0:02:09]} 10. e4 {[%emt 0:05:08]} d4 {[%emt 0:03:54]} 11. Nhf3 {[%emt 0:09:24]} Nf6 {[%emt 0:20:22]} 12. cxd4 {[%emt 0:14:31]} Nxd4 {[%emt 0:02:17]} 13. O-O {[%emt 0:04:11]} O-O-O {[%emt 0:02:17]} 14. Nxd4 {[%emt 0:04:33]} Qxd4 {[%emt 0:02:22]} 15. Qc2 {[%emt 0:01:48]} Bb4 {[%emt 0:01:46]} 16. Nf3 {[%emt 0:07:26]} Qxe4 {[%emt 0:06:27]} 17. Qxe4 {[%emt 0:07:25]} Nxe4 {[%emt 0:00:08]} 18. Nxe5 {[%emt 0:00:06]} Nd2 {[%emt 0:00:51]} 19. Rd1 {[%emt 0:03:05]} Nc4 {[%emt 0:04:18]} 20. Rxd8+ {[%emt 0:05:13]} Rxd8 {[%emt 0:00:16]} 21. Bg5 {[%emt 0:00:30]} Nxe5 {[%emt 0:01:12]} 22. Bxd8 {[%emt 0:00:04]} Kxd8 {[%emt 0:00:14]} 23. Bxb7 {[%emt 0:03:02]} Bxh3 {[%emt 0:05:55]} 24. Rd1+ {[%emt 0:01:20]} Bd6 {[%emt 0:00:05]} 25. Rd4 {[%emt 0:01:06]} Be6 {[%emt 0:02:07]} 26. Ra4 {[%emt 0:01:10]} Bc5 {[%emt 0:00:48]} 27. Re4 {[%emt 0:00:18]} Nf3+ {[%emt 0:00:13]} 28. Kg2 {[%emt 0:01:26]} Nd4 {[%emt 0:00:17]} 29. b4 {[%emt 0:00:55]} Bb6 {[%emt 0:00:04]} 30. a4 {[%emt 0:00:31]} c6 {[%emt 0:04:51]} 31. Bxc6 {[%emt 0:02:02]} Nxc6 {[%emt 0:00:40]} 32. Rxe6 {[%emt 0:00:01]} Nxb4 {[%emt 0:00:08]} 33. g4 {[%emt 0:01:44]} Kd7 {[%emt 0:01:22]} 34. Re4 {[%emt 0:00:02]} Nd3 {[%emt 0:01:07]} 35. a5 {[%emt 0:03:42]} Bxf2 {[%emt 0:00:50]} 36. Rc4 {[%emt 0:02:02]} Bc5 {[%emt 0:00:40]} 0-1